01202 a2200181 4500003000500000005001700005010001700022020002800039040000900067082001800076100002000094245004000114260003600154300003300190440004400223505071900267650003400986Nust20221216122405.0 a 2004041074 a1580536778 (alk. paper) cNust00a621.38245,OHR1 aOhrtman, Frank.10aVoice over 802.11 /cFrank Ohrtman. aBoston :bArtech House,cc2004. axv, 258 p. :bill. ;c24 cm. 0aArtech House telecommunications library aOverview of Vo802.11 (Page-1), 802.11:Alternative Access (Page-5), Voice over Internet Protocol (Page-25), Switching TDM and VolP Networks (Page-49), Objections to Vo802.11 (Page-77), Vo802.11: Range is a Matter of Engineering (Page-83), Security and Vo802.11 (Page-97), Objections Due to Interference and QoS on Vo802.11 Wireless Networks (Page-129), Engineering Vo802.11 Networks for Maximum QoS (Page-155), Scalability in Wireless VoIP Networks (Page-171), Vo802.11 Reliability (Page-183), Vo802.11 Features and Applications (Page-193), Regulatory Consideration for Vo802.11 Networks (Page-207), Economics of Vo802.11 Networks (Page-217), Conclusion: Vo802.11 is the Future of Voice Communications (Page-233).  0aTelecommunication engineering